000 00268nam a2200109Ia 4500
008 190216s9999||||xx |||||||||||||| ||und||
100 _aDhingra. I.C
245 0 _aObjective Type Question In Macro Economics
260 _bS Chand & Co
650 _aEconomics
942 _cBK
999 _c9586
_d9586